00410cam a2200145ua 450000100060000000800390000602000180004504000090006308200080007210000300008024500610011026000480017130000100021965300350022911383190916n ii |||gr||||Z||||||eng a9780190938253 cMAIN a810 aKevin J. Hayes,eAuthor., aA journey through American literaturecBy Kevin J. Hayes aNew Delhi:boxford University press,c2012. a220p. aAmerican literature in English